000 00488nam a2200193Ia 4500
020 _a0273646575
082 _a658.5 SLA
100 _aSlack, Nigel
_93554
245 _aOperations Management
250 _a3rd ed.
260 _aHarlow:
260 _bPrentice HallFinancial Times
260 _c2001
300 _axv, 765 p. :
_b; 25 cm.ill.
500 _aIncludes Index
650 _aOperations Management
_92876
700 _aStuart Chambers, Robert Johnston,
_93555
942 _cBK
999 _c5597
_d5597